Namibia : business directory 2007/2008.
| Format: | Book |
|---|---|
| Published: |
Windhoek:
Braby Publishing,
2007.
|
| Edition: | 40 ed. |
| Subjects: |
| LEADER | 00432cam a2200145 7i4500 | ||
|---|---|---|---|
| 001 | 0000020914 | ||
| 005 | 20080321090000.0 | ||
| 090 | 0 | 0 | |a NAMB 338.7025 |b NAM |
| 245 | 0 | 0 | |a Namibia : |b business directory 2007/2008. |
| 250 | 0 | 0 | |a 40 ed. |
| 260 | 0 | 0 | |a Windhoek: |b Braby Publishing, |c 2007. |
| 300 | # | # | |a 96 p. |
| 650 | 0 | 0 | |a Business -- |x Directories -- |z Namibia |
| 651 | 0 | 0 | |a Namibia |
| 999 | |a B000021707 |b Directories |c Countries |e Business Information Centre | ||